000 01429cam a22004214i 4500
003 PE-LiUPU
005 20250731172930.0
008 170607s1975 nyu r 000 0 eng d
035 _a(Sirsi) a204304
040 _aPE-LiUPU
_bspa
_cPE-LiUPU
_erda
049 _aPRUA
082 0 4 _a261.6
_bN55
_221
100 1 _aNiebuhr, Richard H.,
_eautor.
245 1 0 _aChrist and culture /
_cH. Richard Niebuhr.
264 1 _aNew York :
_bHarper,
_c1975.
300 _a259 páginas ;
_c20 centímetros
336 _atext
_2rdacontent
337 _aunmediated
_2rdamedia
338 _avolume
_2rdacarrier
505 2 _aThe enduring problem -- Christ against culture -- The christ of culture -- Christ above culture -- Christ and culture in paradox -- Christ the transformer of culture -- A concluding unscientific postscrip.
526 _aSEG42
526 _aSEG41
526 _aSEG40
526 _aSEG39
526 _aP94
526 _aP87
526 _aP86
526 _aP85
526 _aP77
526 _aP76
526 _aP35
650 0 4 _aCultura
_xCristiana
942 _2ddc
_cBOOK
994 _aC0
_bPEPRU
596 _a1
999 _a261.6 N55
_wLC
_c20673
_i76077
_d20673
_f2021-11-10
_g4
_lCCODEBUL1
_mBUL
_p10.00
_q2
_r0
_sY
_tBOOK
_u2017-6-7
_xTEOLOGIA
_PP85
_0DONACION
_o.STAFF. Colección Teología
980 _81
_gALBERTO SANCHEZ Responsable de Automatización